| 000 | 00599nam a2200181 a 4500 | ||
|---|---|---|---|
| 001 | ASINB0000CJBM9 | ||
| 005 | 20140609060418.0 | ||
| 008 | 140609s1955 xxu eng d | ||
| 100 | 1 | _aMatson, Theodore Malvin. | |
| 245 | 1 | 0 |
_aTraffic engineering / _cTheodore Malvin Matson. |
| 260 |
_a[S.l.] : _bMcGraw-Hill, _c1955. |
||
| 300 | _a647 p. | ||
| 490 | 1 | _aMcgraw;hill series in civil engineering. | |
| 500 | _aImport. | ||
| 520 | _aHardcover book. | ||
| 830 | 0 | _aMcgraw;hill series in civil engineering. | |
| 856 | 4 | 0 |
_3Amazon.com _uhttp://www.amazon.com/exec/obidos/ASIN/B0000CJBM9/chopaconline-20 |
| 999 |
_c5818 _d5818 |
||